[Event "2nd Mayors Cup"]
[Site "Mumbai IND"]
[Date "2009.05.03"]
[Round "4"]
[White "Joshi,GB"]
[Black "Temirbayev,S"]
[Result "1/2-1/2"]
[WhiteElo "2282"]
[BlackElo "2458"]

1.e4 e6 2.d4 d5 3.Nd2 a6 4.Ngf3 c5 5.exd5 exd5 6.Be2 Nf6 7.O-O Be7 8.dxc5 Bxc5
9.Nb3 Bb6 10.Bg5 O-O 11.c3 Re8 12.Nbd4 Bg4 13.Re1 Nbd7 14.h3 Bh5 15.Nh4 Bxe2
16.Rxe2 Rxe2 17.Qxe2 h6 18.Be3  1/2-1/2

[Event "84th ch-ARG Semifinal"]
[Site "La Plata ARG"]
[Date "2009.05.04"]
[Round "7"]
[White "Virgillito,C"]
[Black "Tenti,J"]
[Result "1-0"]
[WhiteElo "2200"]
[BlackElo "2125"]

1.e4 e6 2.d4 d5 3.Nd2 Be7 4.Bd3 c5 5.dxc5 Nf6 6.exd5 Qxd5 7.Ngf3 Qxc5 8.Nb3 Qh5
9.Qe2 Nc6 10.Bd2 O-O 11.O-O-O a5 12.a4 Qg4 13.Bb5 Na7 14.Ne5 Qxe2 15.Bxe2 Nd7
16.Nc4 Nc6 17.Be3 e5 18.Rhe1 Nf6 19.Nb6 Rb8 20.f4 Bg4 21.fxe5 Nxe5 22.Bf4 Ng6
23.Bxb8 Rxb8 24.Bxg4 Nxg4 25.Rd7 Bg5+ 26.Kb1 Nxh2 27.Nxa5 h5 28.Rxb7 Rf8
29.Nc6 h4 30.a5  1-0

[Event "2nd Mayors Cup"]
[Site "Mumbai IND"]
[Date "2009.05.04"]
[Round "5"]
[White "Barua,D"]
[Black "Saravana,Kr"]
[Result "1/2-1/2"]
[WhiteElo "2483"]
[BlackElo "2326"]

1.e4 e6 2.d4 d5 3.Nd2 Be7 4.Bd3 c5 5.dxc5 Nf6 6.Qe2 O-O 7.Ngf3 Nc6 8.e5 Nd7
9.Nb3 a5 10.h4 h6 11.a4 Nb4 12.Bb5 Qc7 13.Bf4 Nxc5 14.Nxc5 Bxc5 15.c3 Nc6
16.Qd2 d4 17.O-O Rd8 18.Rac1 Qe7 19.Qe2 Bd7 20.Qe4 dxc3 21.bxc3 Qf8 22.Rcd1 Be8
23.h5 f5 24.exf6 Qxf6 25.g4 Bf7 26.Bxc6 bxc6 27.Ne5 Be8 28.Kg2 Bd6 29.Kg3 Bxe5
30.Bxe5 Qe7 31.Qf4  1/2-1/2

[Event "4NCL 2008-9"]
[Site "Staverton ENG"]
[Date "2009.05.04"]
[Round "11"]
[White "Plaskett,J"]
[Black "Berczes,D"]
[Result "1-0"]
[WhiteElo "2491"]
[BlackElo "2513"]

1.e4 e6 2.d4 d5 3.Nd2 Nc6 4.Ngf3 Nf6 5.e5 Nd7 6.Bd3 f6 7.Ng5 Ndxe5 8.dxe5 fxg5
9.Qh5+ g6 10.Bxg6+ Kd7 11.Bd3 Nxe5 12.Nf3 Bb4+ 13.Ke2 Nxd3 14.Bxg5 Qe8 15.Qh4 Bd6
16.cxd3 Qg6 17.Bf4 Qg7 18.Bxd6 cxd6 19.Rhc1 Rf8 20.Rc2 Qf6 21.Qb4 Qf4 22.Qb5+ Kd8
23.Rac1 Bd7 24.Qxb7 Ke7 25.Rc7 Rad8 26.Qxa7 Qg4 27.Qe3 e5 28.Kf1 Rg8 29.g3 d4
30.Qe2 Kf6 31.Nd2 Qh3+ 32.Kg1 Kg7 33.Ne4 Qh6 34.Rxd7+ Rxd7 35.Qg4+ Kh8 36.Qxd7 Qxc1+
37.Kg2 Qf4 38.Nxd6  1-0

[Event "Open"]
[Site "Thessaloniki GRE"]
[Date "2009.05.04"]
[Round "9"]
[White "Skoulakis,C"]
[Black "Makka,I"]
[Result "1-0"]
[WhiteElo "2091"]
[BlackElo "2229"]

1.e4 e6 2.d4 d5 3.Nd2 Nc6 4.c3 e5 5.dxe5 Nxe5 6.Ngf3 Qe7 7.Be2 Nxf3+ 8.Bxf3 f5
9.O-O dxe4 10.Re1 Qd6 11.Qe2 Be7 12.Bxe4 fxe4 13.Nxe4 Qg6 14.Bg5 Bd7 15.Bxe7 Nxe7
16.Nc5 Qf6 17.Nxd7 Kxd7 18.Rad1+ Ke8 19.Qb5+ Kf8 20.Qxb7 Qc6 21.Qb4 Re8 22.Rd8 Kf7
23.Qf4+ Qf6 24.Qc4+ Kf8 25.Qxc7 g6 26.Rxe8+ Kxe8 27.Qxa7 Rf8 28.f3 Kf7 29.a4 Rd8
30.Qe3 Rd7 31.b4 Nd5 32.Qe8+ Kg7 33.Qxd7+ Kh6 34.Qxd5 Qxc3 35.Qe4  1-0

[Event "XI Open"]
[Site "Salou ESP"]
[Date "2009.05.07"]
[Round "3"]
[White "Khamrakulov,I"]
[Black "Libiszewski,F"]
[Result "1-0"]
[WhiteElo "2552"]
[BlackElo "2505"]

1.e4 e6 2.d4 d5 3.Nd2 Nc6 4.Ngf3 Nf6 5.e5 Nd7 6.c3 f6 7.Bb5 a6 8.Bxc6 bxc6
9.O-O c5 10.Qa4 Kf7 11.Re1 c4 12.b3 Nb6 13.Qa5 f5 14.Rb1 Be7 15.Ba3 g5 16.Bxe7 Qxe7
17.Kh1 Bb7 18.Qc5 g4 19.Ng5+ Qxg5 20.Qxc7+ Kg6 21.Qxb6 Bc8 22.Nf1 cxb3 23.axb3 a5
24.c4 Ra6 25.Qb5 Qf4 26.cxd5  1-0

[Event "82nd ch-St Petersburg"]
[Site "St Petersburg RUS"]
[Date "2009.05.08"]
[Round "1"]
[White "Yemelin,V"]
[Black "Gorovykh,E"]
[Result "1-0"]
[WhiteElo "2582"]
[BlackElo "2404"]

1.e4 e6 2.d4 d5 3.Nd2 Be7 4.c3 Nf6 5.e5 Nfd7 6.f4 c5 7.Ndf3 Nc6 8.Bd3 cxd4
9.cxd4 Qa5+ 10.Bd2 Bb4 11.Ne2 Bxd2+ 12.Qxd2 Qxd2+ 13.Kxd2 f6 14.Rac1 Nb6
15.g4 O-O 16.b3 Bd7 17.Ke3 Rac8 18.h4 Na8 19.Ng3 Nc7 20.exf6 gxf6 21.g5 e5
22.fxe5 fxe5 23.Nxe5 Nxe5 24.dxe5 Rfe8 25.Nh5 Rxe5+ 26.Kd2 Ne8 27.Rce1 Re6
28.Nf4 Rd6 29.Re7 Ng7 30.h5 Re8 31.Rxe8+ Bxe8 32.h6 Ne6 33.Nxe6 Rxe6 34.Re1 Rxe1
35.Kxe1 a5 36.Kf2 d4 37.Kf3 Bf7 38.Ke4 a4 39.bxa4 Bxa2 40.Kxd4 Kh8 41.a5  1-0

[Event "XI Open"]
[Site "Salou ESP"]
[Date "2009.05.09"]
[Round "5"]
[White "Khamrakulov,I"]
[Black "Westerinen,H"]
[Result "1-0"]
[WhiteElo "2552"]
[BlackElo "2344"]

1.e4 e6 2.d4 d5 3.Nd2 Be7 4.Ngf3 Nf6 5.Bd3 b6 6.O-O Bb7 7.e5 Nfd7 8.c4 c5
9.cxd5 Bxd5 10.Be4 Bxe4 11.Nxe4 Nc6 12.Nd6+ Bxd6 13.exd6 Nxd4 14.Nxd4 cxd4
15.Qg4 Qf6 16.Bg5 Qg6 17.Qf3 O-O 18.Be7 Rfe8 19.Rac1 e5 20.Qh3 f5 21.f4 e4
22.Qb3+ Qf7 23.Qa4 Nc5 24.Qxd4 a5 25.Rc3 Ra7 26.b4 axb4 27.Qxb4 Rxa2 28.Rd1 Nd3
29.Qb5 Rxg2+ 30.Kxg2 Nxf4+ 31.Kh1 Qh5 32.Qb3+ Kh8 33.d7  1-0

[Event "Copenhagen Chess Challenge"]
[Site "Ballerup DEN"]
[Date "2009.05.10"]
[Round "8"]
[White "Picard,Ro"]
[Black "Pedersen,NicV"]
[Result "1/2-1/2"]
[WhiteElo "2339"]
[BlackElo "2417"]

1.e4 e6 2.d4 d5 3.Nd2 Nc6 4.Ngf3 Nf6 5.e5 Nd7 6.c4 dxc4 7.Nxc4 Nb4 8.a3 Nd5
9.Bd3 h6 10.O-O c5 11.dxc5 Nxc5 12.Bc2 b5 13.Ne3 Bb7 14.Nd4 a6 15.Re1 Nf4
16.b4 Ne4 17.Bxe4 Bxe4 18.Ng4 Bxg2 19.Bxf4 Bb7 20.Ne3 g5 21.Bg3 h5 22.f3 Bg7
23.Rc1 Qd7 24.Ndf5 exf5 25.Qxd7+ Kxd7 26.Red1+ Ke8 27.Rc7 Bc8 28.Nd5 Be6
29.Nf6+ Bxf6 30.exf6 f4 31.Bf2 Kf8 32.Rd6 Bc4 33.Rxa6 Rd8 34.Rd7 Rc8 35.Rc6 Ra8
36.Ra6 Rc8 37.Rc6 Ra8 38.a4 g4 39.a5 gxf3 40.Bc5+ Kg8 41.Kf2 Be2 42.Rd5 Kh7
43.h4 Rhe8 44.Rxh5+ Kg6 45.Rg5+ Kh6 46.Be7 Rec8 47.Rcc5 Rxc5 48.Bxc5 Ra6
49.Bb6 Ra8 50.Bc7 Rc8 51.Bxf4 Rc4 52.Bd2 Rc2 53.Rd5+ Kg6 54.Rd6 Ra2 55.Ke3 Kf5
56.Kf2 Ke5 57.Rd8 Kxf6 58.h5 Ke7 59.Rd4 Ra1 60.Be1 Ra2 61.Kg3 f2 62.Bxf2 Bxh5
63.Rd5 Be2 64.Bc5+ Ke6 65.Rd6+ Ke5 66.a6 Bc4 67.a7 Rxa7 68.Bxa7 Kxd6  1/2-1/2

[Event "Mitropa Cup"]
[Site "Rogaska Slatina SLO"]
[Date "2009.05.11"]
[Round "3"]
[White "Godena,M"]
[Black "Kanovsky,D"]
[Result "1-0"]
[WhiteElo "2538"]
[BlackElo "2473"]

1.e4 e6 2.d4 d5 3.Nd2 Be7 4.c3 c5 5.dxc5 Bxc5 6.Bd3 Nc6 7.Ngf3 Nf6 8.Qe2 O-O
9.O-O Bb6 10.b4 Nd7 11.Bb2 Nde5 12.Bc2 Qc7 13.Rae1 Ng6 14.a3 Bd7 15.c4 Nf4
16.Qd1 dxc4 17.b5 Na5 18.Be5 Qc5 19.Bxf4 Bxb5 20.e5 f5 21.exf6 c3 22.Bxh7+ Kxh7
23.Ng5+ Kg6 24.Nxe6 Qf5 25.Re5 cxd2 26.Nxf8+ Rxf8 27.Rxf5 Kxf5 28.fxg7 Rd8
29.Bxd2 Bxf1 30.Kxf1  1-0

[Event "BHTelecom Open"]
[Site "Sarajevo BIH"]
[Date "2009.05.12"]
[Round "1"]
[White "Grujic,Mile"]
[Black "Sedlak,N"]
[Result "0-1"]
[WhiteElo "2126"]
[BlackElo "2572"]

1.e4 e6 2.d4 d5 3.Nd2 a6 4.Bd3 c5 5.Ngf3 Nf6 6.e5 Nfd7 7.c3 Nc6 8.Bb1 Qb6
9.Nb3 cxd4 10.cxd4 a5 11.Qd3 a4 12.Nbd2 Nb4 13.Qe3 Qc6 14.O-O Nc2 15.Bxc2 Qxc2
16.Ne1 Qc6 17.Nd3 b6 18.Re1 Ba6 19.Nf4 Bb4 20.Nh5 g6 21.a3 Bxd2 22.Bxd2 gxh5
23.Bb4 Rg8 24.Qh6 Qc2 25.Qxh5 Qg6 26.Qh3 Qg4 27.Re3 Qxh3 28.Rxh3 Rg7 29.Re1 Rc8
30.Rc3 Rc4 31.Rxc4 Bxc4 32.Re3 Nb8 33.f4 Nc6 34.Bc3 Rg4 35.g3 f5 36.exf6 Kf7
37.h3 Rg8 38.g4 Kxf6 39.Kf2 b5 40.Rf3 h5 41.Kg3 hxg4 42.hxg4 Be2 43.g5+ Kf7
44.Rf2 Bd3 45.Rh2 Bg6 46.Rh6 Ne7 47.Rh5  0-1

[Event "Mitropa Cup"]
[Site "Rogaska Slatina SLO"]
[Date "2009.05.13"]
[Round "5"]
[White "Caruana,F"]
[Black "Vavrak,P"]
[Result "1-0"]
[WhiteElo "2649"]
[BlackElo "2487"]

1.e4 e6 2.d4 d5 3.Nd2 Be7 4.Ngf3 Nf6 5.e5 Nfd7 6.Bd3 c5 7.c3 Nc6 8.O-O a5
9.Re1 cxd4 10.cxd4 Qb6 11.Nb1 Nxd4 12.Nxd4 Qxd4 13.Nc3 Qb6 14.Qg4 g6 15.Bh6 Nc5
16.Bb5+ Bd7 17.a4 Bc6 18.Rac1 O-O-O 19.Be3 Qc7 20.Ne2 Bxb5 21.axb5 b6 22.Nd4 Qxe5
23.Nc6 Qc7 24.b4 axb4 25.Ra1 b3 26.Ra7 Nb7 27.Nxe7+ Qxe7 28.Rc1+ Kb8 29.Qa4 Nc5
30.Ra8+ Kc7 31.Qa7+ Kd6 32.Bf4+  1-0

[Event "8th Asian Continental Open"]
[Site "Subic Bay PHI"]
[Date "2009.05.13"]
[Round "1"]
[White "Kim,Alex"]
[Black "Hassan,Ab"]
[Result "1/2-1/2"]
[WhiteElo "2481"]
[BlackElo "2322"]

1.e4 e6 2.d4 d5 3.Nd2 Be7 4.Ngf3 Nf6 5.Bd3 c5 6.dxc5 dxe4 7.Nxe4 Nxe4 8.Bxe4 Qxd1+
9.Kxd1 Bxc5 10.Ke2 Nd7 11.a3 Nf6 12.Bd3 Bd7 13.Ne5 Bd6 14.Nxd7 Kxd7 15.c4 Ke7
16.Bd2 Nd7 17.b4 b6 18.Be3 Rac8 19.Rhc1 Rc7 20.Ra2 Rhc8 21.f4 a5 22.Rb2 axb4
23.axb4 e5 24.fxe5 Bxe5 25.Rbb1 g6 26.h3 f6 27.Rc2 Rc6 28.Rd1 Re6 29.Kf1 Bd6
30.Bd2 Ra8 31.Be2 Ra4 32.Rb1 Be5 33.c5 bxc5 34.bxc5 Bc7 35.Bb4 Re4 36.Be1 Ne5
37.Bb5 Rad4 38.Ra1 Nc4 39.Bf2 Na3 40.Rb2 Nxb5 41.Rxb5 Rb4 42.Rxb4 Rxb4 43.Ra7 Rb1+
44.Ke2 Rb2+ 45.Kf3 Kd7 46.Bd4 Rc2 47.Ke4 Rxg2 48.Bxf6 Kc6 49.Bd4 Rg5 50.Ra6+ Kb5
51.Ra7 Kc6 52.Ra6+ Kb5 53.Ra7 Kc6 54.Ra6+ Kb5 55.Ra7  1/2-1/2

[Event "8th Asian Continental Women"]
[Site "Subic Bay PHI"]
[Date "2009.05.14"]
[Round "2"]
[White "Ghader Pour,S"]
[Black "Salvador,A"]
[Result "1-0"]
[WhiteElo "2156"]
[BlackElo "2040"]

1.e4 e6 2.d4 d5 3.Nd2 Be7 4.c3 dxe4 5.Nxe4 Bd7 6.Nf3 Bc6 7.Ng3 Nd7 8.Bd3 Ngf6
9.O-O Bxf3 10.Qxf3 c6 11.Re1 h5 12.Bf4 Nd5 13.Rxe6 O-O 14.Re2 Nxf4 15.Qxf4 Bg5
16.Qe4 g6 17.Nxh5 Nf6 18.Nxf6+ Bxf6 19.Qg4 Kg7 20.f4 Bxd4+ 21.Kh1 Bb6 22.Bc4 Qf6
23.Rae1 Bc5 24.f5 Rh8 25.g3 Qxf5 26.Qxf5 gxf5 27.Re5 Bf2 28.R1e2 Kf6 29.Kg2 Bb6
30.Re7 Rh7 31.Rxb7 Rah8 32.h4 f4 33.gxf4 Rxh4 34.Rxf7+ Kg6 35.Be6 Rh2+ 36.Kf3 Rxe2
37.f5+ Kg5 38.Rg7+ Kf6 39.Rg6+ Ke5 40.Kxe2 Rh2+ 41.Kd3 Rxb2 42.a4 Rf2 43.Bd7 Rf3+
44.Kc2 c5 45.Rc6 Kd5 46.Rc8 Rf2+ 47.Kb3 Kd6 48.Be6 Rf3 49.Kc2 Ba5 50.c4 Ra3
51.Bd5 Ra2+ 52.Kd3 Ke5 53.Be6 Bb4 54.Bd7 a5 55.Re8+ Kd6 56.Bb5 Rf2 57.Re6+ Kc7
58.f6 Rf1 59.Be8 Kd8 60.f7 Rf4 61.Re4 Rf1 62.Re2 Rf6 63.Re5 Rf1 64.Ke4 Rf2
65.Kd5 Rf1 66.Ke6 Rf2 67.Rd5+ Kc8 68.Bd7+ Kd8 69.Bb5+ Kc7 70.Rf5 Re2+ 71.Kd5  1-0

[Event "8th Asian Continental Open"]
[Site "Subic Bay PHI"]
[Date "2009.05.14"]
[Round "2"]
[White "Ashwin,J"]
[Black "Gomez,Joh"]
[Result "0-1"]
[WhiteElo "2413"]
[BlackElo "2538"]

1.e4 e6 2.d4 d5 3.Nd2 Be7 4.Bd3 c5 5.dxc5 Nf6 6.Qe2 O-O 7.Ngf3 a5 8.a4 Na6
9.e5 Nd7 10.Nb3 Ndxc5 11.Nxc5 Nxc5 12.Bb5 Bd7 13.O-O Bxb5 14.Qxb5 Qd7 15.Bd2 Qc7
16.Rfd1 Ne4 17.Be3 Rfc8 18.c3 Bc5 19.Bxc5 Qxc5 20.Nd4 Qc7 21.f3 Nc5 22.Qe2 Nd7
23.f4 Nc5 24.f5 Re8 25.f6 gxf6 26.exf6 Kh8 27.Rf1 Rg8 28.Qh5 Rg6 29.Rf3 Ne4
30.Raf1 Rag8 31.g3 Rg5 32.Qh6 Qc5 33.Rf4 R5g6 34.Qh4 e5  0-1

[Event "BHTelecom Open"]
[Site "Sarajevo BIH"]
[Date "2009.05.15"]
[Round "5"]
[White "Szabo,G ROM"]
[Black "Sedlak,N"]
[Result "1/2-1/2"]
[WhiteElo "2510"]
[BlackElo "2572"]

1.e4 e6 2.d4 d5 3.Nd2 a6 4.Ngf3 c5 5.dxc5 Bxc5 6.Nb3 Bb6 7.exd5 Nf6 8.dxe6 Qxd1+
9.Kxd1 Bxe6 10.Be3 Bxe3 11.fxe3 Ng4 12.Kd2 Nf2 13.Rg1 Bxb3 14.axb3 Ne4+ 15.Kc1 Nd7
16.Ra4 Ndf6 17.g4 Nd6 18.Bg2 O-O-O 19.Rd1 Rhe8 20.Rad4 Kc7 21.R1d3 h5 22.gxh5 Nxh5
23.Nd2 Nf6 24.Nc4 Nfe4 25.Nxd6 Nxd6 26.Kd2 Rh8 27.h3 Rh5 28.Ke2 Rg5 29.Kf2 Rf5+
30.Bf3 Rf6 31.Kg2 Re8 32.c4 Re7 33.e4 Rfe6 34.Bg4 Rf6 35.Bf3 Rfe6  1/2-1/2

[Event "8th Asian Continental Women"]
[Site "Subic Bay PHI"]
[Date "2009.05.15"]
[Round "3"]
[White "Gu Xiaobing"]
[Black "Le Thanh Tu"]
[Result "0-1"]
[WhiteElo "2336"]
[BlackElo "2326"]

1.e4 e6 2.d4 d5 3.Nd2 Be7 4.Bd3 c5 5.dxc5 Nf6 6.Qe2 Nc6 7.Ngf3 Nb4 8.O-O Nxd3
9.cxd3 Bxc5 10.Nb3 Be7 11.Bg5 h6 12.Bxf6 Bxf6 13.e5 Be7 14.Rac1 O-O 15.Rc2 a5
16.Rfc1 Bd7 17.Nc5 Bxc5 18.Rxc5 Qb6 19.R1c3 Rac8 20.Qc2 Rxc5 21.Rxc5 Bb5
22.d4 a4 23.Nd2 Qa6 24.h3 Ra8 25.Qc3 Bd7 26.Nf1 Qe2 27.Qd2 Qe4 28.a3 Bc6
29.Ng3 Qh4 30.Rc3 Ra6 31.Ne2 Qg5 32.Nf4 Qf5 33.Nd3 Ra8 34.Nb4 Rc8 35.Qc2 Qf4
36.Qd1 Qe4 37.g3 h5 38.h4 g6 39.Kh2 Kg7 40.Re3 Qf5 41.Rf3 Qg4 42.Nc2 Bb5
43.Ne3 Qe4 44.Rf4 Qd3 45.Qf3 Rc7 46.g4 Qe2 47.Qg2 hxg4 48.Nxg4 Qf1 49.Qxf1 Bxf1
50.h5 gxh5 51.Nf6 Kf8 52.Rf3 Ke7 53.Rg3 Rc2 54.b3 axb3 55.Rxb3 Ba6 56.Rf3 h4
57.Kh3 Rd2 58.Rf4 Rd3+ 59.Kxh4 Rxa3 60.Ng8+ Ke8 61.Nh6 b5 62.Rxf7 b4 63.Kg5 b3
64.Rf3 Be2 65.Rg3 b2 66.Rxa3 b1=Q 67.Kf6 Qc1 68.Ra8+ Kd7 69.Ra7+ Kc6 70.Nf7 Bg4
71.Ke7 Kb6 72.Rd7 Qc4 73.f3 Bxf3 74.Ng5 Bg4 75.Nxe6 Bxe6 76.Kxe6 Qxd4 77.Rxd5 Qc4  0-1

[Event "27th Liechtenstein Open"]
[Site "Triesen LIE"]
[Date "2009.05.15"]
[Round "1"]
[White "Ladner,P"]
[Black "Foisor,O"]
[Result "0-1"]
[WhiteElo "1988"]
[BlackElo "2408"]

1.e4 e6 2.d4 d5 3.Nd2 Be7 4.c3 dxe4 5.Nxe4 Bd7 6.Nf3 Bc6 7.Bd3 Nd7 8.O-O Ngf6
9.Qe2 O-O 10.Re1 b6 11.Neg5 Bxf3 12.Qxf3 h6 13.Nh3 c5 14.Nf4 cxd4 15.cxd4 Bb4
16.Re2 Re8 17.a3 Bd6 18.Bc4 Rc8 19.Qb3 Qc7 20.Rxe6 Rxe6  0-1

[Event "BHTelecom Open"]
[Site "Sarajevo BIH"]
[Date "2009.05.16"]
[Round "7"]
[White "Szabo,G ROM"]
[Black "Antic,De"]
[Result "1/2-1/2"]
[WhiteElo "2510"]
[BlackElo "2513"]

1.e4 e6 2.d4 d5 3.Nd2 Be7 4.Ngf3 Nf6 5.Bd3 c5 6.dxc5 dxe4 7.Bxe4 Bxc5 8.O-O Qc7
9.Qe2 Nbd7 10.c3 O-O 11.Bc2 b6 12.Ne4 Bb7 13.Nxf6+ Nxf6 14.Ne5 Rad8 15.Re1 Rd5
16.Bf4 Re8 17.Bb3 Rxe5 18.Bxe5 Qc6 19.Qf3 Qxf3 20.gxf3 Bxf3 21.Bd1 Bc6 22.b4 Be7
23.Bb3 Ne4 24.b5 Bb7  1/2-1/2

[Event "82nd ch-St Petersburg"]
[Site "St Petersburg RUS"]
[Date "2009.05.17"]
[Round "10"]
[White "Anisimov,P2"]
[Black "Gorovykh,E"]
[Result "1/2-1/2"]
[WhiteElo "2503"]
[BlackElo "2404"]

1.e4 e6 2.d4 d5 3.Nd2 Be7 4.c3 c5 5.Ngf3 Nf6 6.exd5 Qxd5 7.Bc4 Qd8 8.dxc5 Bxc5
9.O-O Qc7 10.Qe2 O-O 11.Ne4 Be7 12.Bg5 Nbd7 13.Rad1 a6 14.Bd3 Rd8 15.Nd4 h6
16.Bh4 b5 17.Rfe1 Bb7 18.Bc2 Kf8 19.Ng3 Bd6 20.Nf1 Bd5 21.Bb3 Bxb3 22.axb3 Rac8
23.Rd3 Re8 24.Red1 Nd5 25.Bg3 Bxg3 26.hxg3 N7f6 27.Nf3 Red8 28.Ne3 Nxe3 29.Qxe3 Rxd3
30.Qxd3 Ke8 31.Ra1  1/2-1/2

[Event "8th Asian Continental Women"]
[Site "Subic Bay PHI"]
[Date "2009.05.19"]
[Round "7"]
[White "Ghader Pour,S"]
[Black "Le Thanh Tu"]
[Result "1/2-1/2"]
[WhiteElo "2156"]
[BlackElo "2326"]

1.e4 e6 2.d4 d5 3.Nd2 Be7 4.c3 Nf6 5.e5 Nfd7 6.Bd3 c5 7.Ne2 b6 8.O-O Ba6
9.Bb1 Nc6 10.Nf3 b5 11.Re1 Rc8 12.Nf4 cxd4 13.cxd4 b4 14.Nh5 g6 15.Nf4 Nb6
16.b3 Bb5 17.a3 bxa3 18.Bxa3 Nb4 19.Nd3 Nxd3 20.Bxd3 Bxd3 21.Qxd3 O-O 22.Qd2 Rc7
23.Qh6 Re8 24.Bxe7 Qxe7 25.Re3 f5 26.exf6 Qxf6 27.Rae1 Nd7 28.h4 Nf8 29.Ne5 Rg7
30.Qg5 Qxg5 31.hxg5 Rb7 32.Ng4 Reb8 33.Nf6+ Kg7 34.Rc1 Rf7 35.Rc6 h6 36.gxh6+ Kxh6
37.Ng4+ Kg7 38.Ne5 Rfb7 39.Nd3 Rxb3 40.Rc7+ Kg8 41.Rxa7 R8b7 42.Ra6 R7b6
43.Ra7 Rb7 44.Ra6 R7b6 45.Ra7 Rb7  1/2-1/2

[Event "8th Asian Continental Women"]
[Site "Subic Bay PHI"]
[Date "2009.05.21"]
[Round "9"]
[White "Pourkashiyan,A"]
[Black "Le Thanh Tu"]
[Result "1-0"]
[WhiteElo "2273"]
[BlackElo "2326"]

1.e4 e6 2.d4 d5 3.Nd2 Be7 4.c3 c5 5.dxc5 Bxc5 6.exd5 exd5 7.Bb5+ Nc6 8.Ngf3 Nf6
9.O-O O-O 10.Nb3 Be7 11.h3 h6 12.Re1 Qc7 13.Nfd4 Re8 14.Qf3 Bd7 15.Bf4 Qb6
16.Bd3 Nxd4 17.Nxd4 Rad8 18.Be5 a5 19.Bc2 Kf8 20.Qd3 Rc8 21.Bxf6 Qxf6 22.Qh7 g6
23.Qxh6+ Kg8 24.Bb3 Bd6 25.Qd2 Bc6 26.Rxe8+ Rxe8 27.Re1 Rd8 28.Bd1 Bb8 29.Bf3 Qd6
30.g3 Qf6 31.h4 Ba7 32.Kg2 Kg7 33.Qd3 Bc5 34.h5 gxh5 35.Bxh5 Rh8 36.Qf3 Bxd4
37.cxd4 Rxh5 38.Qxh5 Qxd4 39.Qg5+ Kf8 40.Re5  1-0

[Event "18th CRO-Cup"]
[Site "Sibenik CRO"]
[Date "2009.05.22"]
[Round "3"]
[White "Krstic,U"]
[Black "Kovacevic,Vlat"]
[Result "0-1"]
[WhiteElo "2376"]
[BlackElo "2514"]

1.e4 e6 2.d4 d5 3.Nd2 a6 4.Ngf3 c5 5.dxc5 Bxc5 6.Bd3 Nf6 7.Qe2 Nc6 8.a3 O-O
9.O-O Qc7 10.e5 Nd7 11.Bxh7+ Kxh7 12.Ng5+ Kg6 13.Qd3+ f5 14.Nxe6 Qxe5 15.Nxf8+ Nxf8
16.Nf3 Qe4 17.Qd2 Nd4 18.Nxd4 Qxd4 19.Qxd4 Bxd4 20.Rd1 Bf6 21.Rxd5 Be6 22.Rd6 Re8
23.c3 Nd7 24.Bf4 Kf7 25.Rad1 Nc5 26.f3 Na4 27.R6d2 Nb6 28.Re1 Nc4 29.Rde2 b5
30.g3 g5 31.Bc7 Bd7 32.Rxe8 Bxe8 33.Re2 Bc6 34.Kf2 Be7 35.f4 g4 36.b3 Nxa3
37.Bb6 Be4 38.Ra2 b4 39.cxb4 Bxb4 40.Bd4 Nb5 41.Bb6 Bb7 42.Ra4 Bd6 43.Rc4 Ke6
44.Ke3 Kd7 45.Bd4 Bd5 46.Ra4 Nc7 47.b4 Bc6 48.Ra5 Nd5+ 49.Kf2 Bb5 50.Ra1 Nxb4
51.Ba7 Bc6 52.Ke2 Be4 53.Kd2 Kc6 54.Kc3 Kb5 55.Bd4 a5 56.Be5 Nd5+ 57.Kb3 Bb4
58.Rc1 a4+ 59.Ka2 Bc5 60.Rd1 Kb4 61.Rc1 a3 62.Bg7 Bd3 63.Ka1 Kb5 64.h4 gxh3
65.Rh1 Nb4 66.Rxh3 Ka4 67.Rh8 Kb3 68.Rb8 Be3 69.g4 fxg4 70.f5 g3  0-1

[Event "18th CRO-Cup"]
[Site "Sibenik CRO"]
[Date "2009.05.24"]
[Round "5"]
[White "Brnas,A"]
[Black "Kovacevic,Bl"]
[Result "0-1"]
[WhiteElo "2316"]
[BlackElo "2407"]

1.e4 e6 2.d4 d5 3.Nd2 Be7 4.Bd3 c5 5.dxc5 Nf6 6.Ngf3 dxe4 7.Nxe4 Nxe4 8.Bxe4 Qxd1+
9.Kxd1 Bxc5 10.Ke2 Nd7 11.c3 Nf6 12.Bd3 Ke7 13.Ne5 Rd8 14.Rd1 Bd6 15.f4 Bd7
16.Nxd7 Rxd7 17.c4 Bc5 18.Bc2 Rxd1 19.Bxd1 Rc8 20.Rb1 b6 21.b3 Ne4 22.Bd2 Nxd2
23.Kxd2 Rd8+ 24.Ke2 Bb4 25.Rb2 Kf6 26.g3 g6 27.Rc2 Kf5 28.h3 h5 29.a3 Bxa3
30.Rc3 Kf6 31.Rd3 Bd6 32.Kf3 Ke7 33.Be2 Rc8 34.h4 Rc7 35.Rd1 Rc8 36.Rd3 a5
37.Rd1 Rc7 38.Rd3 Rc5 39.Rd1 f5 40.Rd3 e5 41.fxe5 Rxe5 42.Bf1 Bc5 43.Be2 Re4
44.Rc3 Kf6 45.Rd3 Bd4 46.Bd1 Ke6 47.Be2 Ke5 48.Bd1 Re1 49.Be2 Ra1 50.Rd1 Ra2
51.Re1 Kf6 52.Rd1 Bc5 53.Rb1 Rc2 54.Rd1 Rb2 55.Rd3 Ke6  0-1

[Event "TOP 16 Poule Basse"]
[Site "Le Port Marly FRA"]
[Date "2009.05.29"]
[Round "9"]
[White "Degraeve,JM"]
[Black "Di Paolo,R"]
[Result "1/2-1/2"]
[WhiteElo "2558"]
[BlackElo "2339"]

1.e4 e6 2.d4 d5 3.Nd2 Be7 4.Ngf3 Nf6 5.e5 Nfd7 6.Bd3 c5 7.c3 Nc6 8.O-O g5
9.dxc5 Ndxe5 10.Nxe5 Nxe5 11.Nb3 a5 12.a4 Nxd3 13.Qxd3 e5 14.Qe2 Qc7 15.Re1 e4
16.Be3 Ra6 17.c4 Rh6 18.g3 Be6 19.Nd4 dxc4 20.Nxe6 Rxe6 21.Qxc4 O-O 22.Rad1 Rd8
23.Rxd8+ Bxd8 24.Rd1 Be7 25.Qb5 Rc6 26.Rd5 h6 27.Bd4 Bf8 28.Qc4 Re6 29.Bc3 Be7
30.Qb5 Qc6 31.Rd7 Qxb5 32.axb5 Bxc5 33.Rxb7 Rb6 34.Ra7 Rxb5 35.Rxa5 Rxa5
36.Bxa5 Bd4 37.b3 f5 38.Kf1 Kf7 39.Ke2 Ke6 40.Bd2 Ke5 41.f3 exf3+ 42.Kxf3 g4+
43.Kg2 h5 44.h3 Ke4 45.hxg4  1/2-1/2

[Event "ch-UKR w"]
[Site "Evpatoria UKR"]
[Date "2009.05.30"]
[Round "8"]
[White "Aslanian,L"]
[Black "Kostiukova,L"]
[Result "1/2-1/2"]
[WhiteElo "2145"]
[BlackElo "2220"]

1.e4 e6 2.d4 d5 3.Nd2 a6 4.Ngf3 Nf6 5.Bd3 c5 6.exd5 Qxd5 7.dxc5 Bxc5 8.Qe2 Nc6
9.c3 b5 10.Ne4 Be7 11.Nxf6+ Bxf6 12.Be4 Qd7 13.Bf4 Bb7 14.Rd1 Qc8 15.O-O Ne7
16.Ng5 Ng6 17.Bc1 O-O 18.Rd3 Bxe4 19.Nxe4 Be7 20.f4 Rd8 21.Rfd1 Qc7 22.g3 h6
23.Be3 Rxd3 24.Rxd3 Qc4 25.Nf2 Qxa2 26.Qd2 Qa5 27.h4 Rd8 28.Bd4 Qc7 29.Kh2 e5
30.fxe5 Rd5 31.Ng4 h5 32.Ne3 Rd8 33.Nf5 Nxe5 34.Bxe5 Rxd3 35.Qxd3 Qxe5 36.Nxe7+ Qxe7
37.b4 g6 38.Qd4 Qe2+ 39.Kg1 Qg4 40.Qe3 Qd1+ 41.Kg2 Qd6 42.Kh2 Kg7 43.Kg2 Qd5+
44.Kh2 g5 45.hxg5 Kg6 46.Qb6+ Kxg5 47.Qxa6 Kg4 48.Qc8+ Qf5 49.Qg8+ Kf3 50.Qa8+ Qe4
51.Qa2 Qe2+ 52.Qxe2+ Kxe2 53.c4 bxc4 54.b5 c3 55.b6 c2 56.b7 c1=Q 57.b8=Q Qe3
58.Qb5+ Kf2 59.Qf5+ Qf3 60.Qc5+ Ke1 61.Qc1+ Ke2 62.Qc2+ Ke3 63.Qc3+ Ke4 64.Qc6+ Ke3
65.Qc3+ Kf2 66.Qc5+ Qe3 67.Qf5+ Qf3 68.Qc2+ Qe2 69.Qf5+ Ke3+ 70.Kh3 Qf3 71.Qc5+ Ke2
72.Qc2+ Kf1 73.Qc1+ Kf2 74.Qc5+ Ke1 75.Qc1+ Qd1 76.Qxd1+ Kxd1 77.Kh4 Ke2
78.Kxh5 Kf3 79.Kg5  1/2-1/2

[Event "Copper State Int"]
[Site "Mesa USA"]
[Date "2009.06.02"]
[Round "9"]
[White "Mueller,Jas"]
[Black "Ding,R"]
[Result "1-0"]
[WhiteElo "2174"]
[BlackElo "2134"]

1.e4 e6 2.d4 d5 3.Nd2 Nc6 4.Ngf3 Nf6 5.e5 Nd7 6.c3 f6 7.exf6 Qxf6 8.Bb5 Bd6
9.Nf1 O-O 10.Bg5 Qf7 11.Ne3 a5 12.Bh4 Qh5 13.g4 Qh6 14.Ng2 Qg6 15.Ng5 Nf6
16.Bd3 Qe8 17.Qc2 g6 18.f3 e5 19.O-O-O exd4 20.Rhe1 Ne5 21.cxd4 Nxd3+ 22.Rxd3 Qc6
23.Ne6 Qxc2+ 24.Kxc2 Bxe6 25.Rxe6 Kg7 26.Bg3 Kf7 27.Bxd6 Kxe6 28.Bxf8 Rxf8
29.Ra3 b6 30.Ne1 h5 31.h3 hxg4 32.hxg4 Rh8 33.Re3+ Kd6 34.Nd3 g5 35.Ne5 Rg8
36.Nf7+ Kd7 37.Re5 c5 38.Rxg5 Rf8 39.Ne5+ Kd6 40.Rg6 cxd4 41.f4 Ke7 42.Rg7+ Ke6
43.Rb7 Nxg4 44.Nxg4 Rxf4 45.Rxb6+ Kf5 46.Nf6 Ke5 47.Nd7+ Ke4 48.Re6+ Kf3
49.Rf6 Rxf6 50.Nxf6 Ke2 51.Nxd5 d3+ 52.Kb3 d2 53.Nc3+ Kd3 54.a4 Kd4 55.Kc2 Ke3
56.b3 Kd4 57.Kxd2 Kc5 58.Kc2  1-0

[Event "12th IHEM"]
[Site "Hamburg GER"]
[Date "2009.06.03"]
[Round "5"]
[White "Parligras,M"]
[Black "Rosmann,I"]
[Result "0-1"]
[WhiteElo "2586"]
[BlackElo "2282"]

1.e4 e6 2.d4 d5 3.Nd2 Be7 4.Bd3 Nf6 5.e5 Nfd7 6.Qg4 g5 7.Qh5 c5 8.c3 Nc6
9.Ndf3 cxd4 10.cxd4 Nb4 11.Bb1 Qc7 12.Bxg5 Nc2+ 13.Bxc2 Qxc2 14.Bxe7 Qxb2
15.Rd1 Kxe7 16.Ng5 Rf8 17.Ne2 h6 18.Qxh6 b6 19.Nh3 Qxa2 20.Qg5+ f6 21.exf6+ Rxf6
22.Nhf4 Ba6 23.h4 Rc8 24.Rh3 Rc2 25.Re3 Kd6 26.Qg4 Qa5+ 27.Kf1 Qd2 28.Rxe6+ Kc7
29.Nxd5+ Kb7 30.Rxb6+ Nxb6 31.Qg7+ Kb8 32.Qg3+ Kb7 33.Qg7+ Kb8 34.Qg3+ Ka8
35.Nxb6+ Rxb6 36.Qg8+ Kb7 37.Qh7+ Kb8 38.Qg8+ Rc8 39.Qg3+ Ka8 40.Qf3+ Rb7
41.Re1 Bxe2+  0-1

[Event "XXXI Nezhmetdinov Mem"]
[Site "Kazan RUS"]
[Date "2009.06.06"]
[Round "7"]
[White "Zainullina,N"]
[Black "Tokarev,I"]
[Result "1/2-1/2"]
[WhiteElo "2127"]
[BlackElo "2252"]

1.e4 e6 2.d4 d5 3.Nd2 Nc6 4.Ngf3 Nf6 5.e5 Nd7 6.c3 f6 7.exf6 Qxf6 8.Bb5 Bd6
9.O-O O-O 10.Nb3 h6 11.Be3 Ne7 12.Bd3 c6 13.Qe2 e5 14.dxe5 Nxe5 15.Nxe5 Qxe5
16.f4 Qf6 17.Rae1 Bf5 18.Bd4 Qg6 19.Bxf5 Nxf5 20.Bc5 Rae8 21.Qf2 b6 22.Bxd6 Nxd6
23.Rxe8 Rxe8 24.Re1 c5 25.Nd2 Rxe1+ 26.Qxe1 Qd3  1/2-1/2

[Event "OKU"]
[Site "Utrecht NED"]
[Date "2009.06.06"]
[Round "3"]
[White "Oosterman,M"]
[Black "Van der Tuuk,J"]
[Result "0-1"]
[WhiteElo "2005"]
[BlackElo "2211"]

1.e4 e6 2.d4 d5 3.Nd2 a6 4.Bd3 c5 5.exd5 exd5 6.Qe2+ Be7 7.dxc5 Nf6 8.Nb3 O-O
9.Be3 Re8 10.O-O-O Nbd7 11.Qd2 a5 12.a4 b6 13.Bb5 bxc5 14.Nf3 Ba6 15.Bc6 c4
16.Nbd4 Rc8 17.c3 Nc5 18.Bxe8 Qxe8 19.Qc2 Nfe4 20.Rhe1 Rb8 21.Ng5 Nd3+ 22.Rxd3 cxd3
23.Qd1 Nxg5 24.Bxg5 Bxg5+  0-1